| 000 | 00849pab a2200157 454500 | ||
|---|---|---|---|
| 008 | 180718b2002 xxu||||| |||| 00| 0 eng d | ||
| 100 | _aJiazhu, Wang | ||
| 245 | _aThree Gorges project: the largest water conservancy project in the world | ||
| 260 | _c2002 | ||
| 300 | _ap.369-75. | ||
| 362 | _aDec | ||
| 520 | _aThe Three Gorges Project (TGP) is the largest water conservancy project ever built in China and in the world. Construction of TGP commenced in 1993 and more than half is complete. It is predicted that the project will be put into initial use in 2003, and finished in 2009. This article discusses the project's advantages and some of the challenges faced, including technical, environmental and resettlement issues. - Reproduced. | ||
| 650 | _aWater conservation | ||
| 773 | _aPublic Administration and Development | ||
| 909 | _a55187 | ||
| 999 |
_c55187 _d55187 |
||